| 000 -LEADER |
| fixed length control field |
00521nam a2200145 4500 |
| 003 - CONTROL NUMBER IDENTIFIER |
| control field |
OSt |
| 005 - DATE AND TIME OF LATEST TRANSACTION |
| control field |
20210623170930.0 |
| 008 - FIXED-LENGTH DATA ELEMENTS--GENERAL INFORMATION |
| fixed length control field |
210623b ||||| |||| 00| 0 eng d |
| 020 ## - INTERNATIONAL STANDARD BOOK NUMBER |
| International Standard Book Number |
9781782143673 |
| 082 ## - DEWEY DECIMAL CLASSIFICATION NUMBER |
| Classification number |
751.4 |
| Item number |
SID |
| 100 ## - MAIN ENTRY--PERSONAL NAME |
| Personal name |
Sidaway, Ian |
| 245 ## - TITLE STATEMENT |
| Title |
The practical encyclopedia of acrylics, oils and gouache : mixing paint, brush strokes, blending, underpainting, working alla prima glazing, scumbling, painting with knives, impasto work, drybrush work |
| 260 ## - PUBLICATION, DISTRIBUTION, ETC. (IMPRINT) |
| Name of publisher, distributor, etc |
Anness publishing ltd |
| Date of publication, distribution, etc |
2019 |
| 942 ## - ADDED ENTRY ELEMENTS (KOHA) |
| Source of classification or shelving scheme |
|